Condenados a la estabilidad (Registro nro. 18390)
[ vista simple ]
| 000 -LEADER | |
|---|---|
| fixed length control field | 00367 a2200121 4500 |
| 001 - CONTROL NUMBER | |
| control field | ART_42740 |
| 005 - DATE AND TIME OF LATEST TRANSACTION | |
| control field | 20260410161737.0 |
| 008 - FIXED-LENGTH DATA ELEMENTS--GENERAL INFORMATION | |
| fixed length control field | 260409a |
| 100 1# - MAIN ENTRY--PERSONAL NAME | |
| Personal name | Alemann, Roberto T. |
| 245 10 - TITLE STATEMENT | |
| Title | Condenados a la estabilidad |
| 700 1# - ADDED ENTRY--PERSONAL NAME | |
| Personal name | Castro, Jorge |
| 773 0# - HOST ITEM ENTRY | |
| Title | Ejecutivos de finanzas |
| Related parts | Tasas de interés - Año 12, Nº 130 (oct. 1996) |
| Record control number | REV2863 |
No hay ítems disponibles.